Statistiken für Beste Folgen

Klicken Sie hier um das Quiz zu spielen!

Allgemein

  • Dieses Quiz wurde 3 mal gespielt
  • Das Durchschnittsergebnis liegt bei 33 aus 52

Antwortstatistiken

SchnittFolgeStaffel% Korrekt
1,11Anstreicher3
100%
1,25Club SpongeBob3
100%
1,5Das Ausbildungsvideo3
100%
1,16Dem Hotelier ist nichts zu schwer4
100%
1,48Der neue Mitschüler3
100%
1,32Der Quatschtüten-Würger3
100%
1,48Der stinkreiche Schnösel3
100%
1,26Die Geheimschachtel2
100%
1,16Die Geister von Bikini Bottom3
100%
1,31Die Schatzsuche1
100%
1,39Eine gute Idee2
100%
1,48Ganoven2
100%
1,14Geisterfahrer2
100%
1,23Hör’ mal, wer da spielt2
100%
1,2Nur geträumt1
100%
1,14Trödel3
100%
1,09Weihnachten unter Wasser2
100%
1,25Besuch vom Gesundheitsamt3
67%
1,35Bus verpasst1
67%
1,11Das Meisterwerk2
67%
1,26Der Film im Kopf3
67%
1,35Die Schneeballschlacht3
67%
1,24Die Zeitmaschine1
67%
1,49Freunde und Nachbarn1
67%
1,12Helden beim Zelten3
67%
1,26Im Gegenteil1
67%
1,06Nachtschicht2
67%
1,24Nur einen Bissen3
67%
1,18Pizza-Heimservice1
67%
1,3Roboter Krabs3
67%
1,3SpongeBob in der Steinzeit3
67%
1,08SpongeBobs große Geburtstagssause12
67%
1,41Unaussprechlich2
67%
1,03Verkaufsgenies3
67%
1,43Blasenboote10
33%
1,21Burgermeister Patrick9
33%
1,21Das Tentakel-Paradies2
33%
1,26Die Kuchen-Bombe2
33%
1,33Die Lebensversicherung10
33%
1,44Imitations-Irrsinn10
33%
1,27Krabs auf Eis5
33%
1,36Kulturschock1
33%
1,5Mitarbeiter des Monats1
33%
1,1Senf-Sucher11
33%
1,25SpongeBob im Zufallsland12
33%
1,5SpongeBobs Bude10
33%
1,25Verzaubert12
33%
1,13Weckerwahnsinn12
33%
1,5Das Anschlagbrett9
0%
1,33Flaschendrehen11
0%
1,5Gary & Fleckchen12
0%
1,23Hausdurchsuchung9
0%

Verteilung der Resultate

Perzentil nach korrekt beantworteten Fragen

Anzahl Personen mit jedem Resultat

Ihre Resultats-Entwicklung

Sie haben dieses Quiz noch nicht gespielt